Loading...
| Current Events | 2 | 15.00 | 100% | 50% | 0% |
| Fine Arts - Auditory Fine Arts | 5 | 10.00 | 100% | 0% | 0% |
| Fine Arts - Other Fine Arts | 1 | 20.00 | 100% | 0% | 100% |
| Fine Arts - Visual Fine Arts | 2 | 10.00 | 100% | 0% | 0% |
| History - American History | 3 | 13.33 | 100% | 33% | 0% |
| History - European History | 3 | 20.00 | 100% | 67% | 33% |
| History - Other History | 1 | 10.00 | 100% | 0% | 0% |
| History - World History | 3 | 13.33 | 100% | 0% | 33% |
| Literature - American Literature | 3 | 10.00 | 100% | 0% | 0% |
| Literature - British Literature | 3 | 10.00 | 100% | 0% | 0% |
| Literature - European Literature | 3 | 6.67 | 67% | 0% | 0% |
| Literature - World Literature | 3 | 10.00 | 67% | 33% | 0% |
| Mythology | 2 | 15.00 | 100% | 50% | 0% |
| Philosophy | 1 | 10.00 | 100% | 0% | 0% |
| Pop Culture | 3 | 13.33 | 100% | 33% | 0% |
| Religion | 4 | 10.00 | 75% | 25% | 0% |
| Science - Biology | 3 | 16.67 | 100% | 67% | 0% |
| Science - Chemistry | 1 | 0.00 | 0% | 0% | 0% |
| Science - Other Science | 1 | 20.00 | 100% | 100% | 0% |
| Science - Physics | 6 | 8.33 | 83% | 0% | 0% |
| Social Science | 2 | 5.00 | 50% | 0% | 0% |